الاضطرابات الجنسية : (Record no. 16201)

MARC details
000 -الفاتح
حقل البيانات ثابتة الطول 00839nam a22001817a 4500
008 - عناصر البيانات ثابتة الطول - معلومات عامة
حقل البيانات ثابتة الطول 111114s1947 ua|||||r|||| 000 0 ara d
082 ## - رقم تصنيف ديوى العشرى
رقم الطبعة 22
رقم التصنيف 616.69
رقم المادة د ي ك
100 ## - المدخل الرئيسى - إسم شخصى
9 (RLIN) 27733
الإسم الشخصى الديك ، موريس ابراهيم
245 ## - بيان العنوان
العنوان الاضطرابات الجنسية :
بقية العنوان عند الرجل والمرأة /
بيان المسئوليه,etc موريس ابراهيم الديك
260 ## - PUBLICATION, DISTRIBUTION, ETC. (IMPRINT)
مكان الناشر او الموزع القاهرة :
اسم الناشر او الموزع مطبعة الاعتماد، 1947
تاريخ النشر أو التوزيع 1947
300 ## - الوصف المادى
التعداد 371 ص ؛
أبعاد الوعاء 22 سم
504 ## - تبصرة ببليوجرافية
تبصرة ببليوجرافية,الخ يشتمل على إرجاعات ببليوجرافية ص 369-371
650 ## - المدخل الاضافى بالموضوع-مصطلح موضوعى
9 (RLIN) 27732
مصطلح موضوعي أو اسم جغرافي كعنصر مدخل الضعف الجنسي
650 ## - المدخل الاضافى بالموضوع-مصطلح موضوعى
9 (RLIN) 27731
مصطلح موضوعي أو اسم جغرافي كعنصر مدخل الاضطراب الجنسي
653 ## - مصطلح تكشيفى غير مقيد
Resource For college
Arrived date list November2011
942 ## - عناصر المدخل الإضافي( كوها)
مصدر التصنيف او مخطط الترفيف Dewey Decimal Classification
Koha [default] item type Book - Borrowing
Holdings
حالة التراجع حالة الفقد مصدر التصنيف او خطة الترفيف حالة تلف ليس للاعارة مجموعات كوها المكان الدائم المكان الحالي موقع الترفيف تاريخ الاكتساب Source of acquisition رقم الاستدعاء الباركود Date last seen نوع الوعاء
    Dewey Decimal Classification     Baccah Central Library Central Library First floor 14/11/2011   616.69 د ي ك 000025632 15/07/2025 Book - Borrowing